| 000 | 00332nam a22001097a 4500 | ||
|---|---|---|---|
| 082 |
_a632 _bF52i |
||
| 100 | 1 | _aFiscal,Rainer R. | |
| 245 | 4 | _aThe Insecticide effect of Azadiarachata Indica (Neen Tree) on Mosquitoes | |
| 260 |
_aMorong,Rizal _b[publisher not identified] _c2003 |
||
| 300 |
_a49 pages ; _billustrations : 23 cm. |
||
| 942 | _cT | ||
| 999 |
_c131 _d131 |
||